Organizational learning and special contribution of `affectivity': case study of an Indian R&D organization (Record no. 74961)

000 -LEADER
fixed length control field 00516pab a2200181 454500
008 - FIXED-LENGTH DATA ELEMENTS--GENERAL INFORMATION
fixed length control field 180718b2006 xxu||||| |||| 00| 0 eng d
100 ## - MAIN ENTRY--PERSONAL NAME
Personal name Pandey, Ashish
245 ## - TITLE STATEMENT
Title Organizational learning and special contribution of `affectivity': case study of an Indian R&D organization
260 ## - PUBLICATION, DISTRIBUTION, ETC.
Date of publication, distribution, etc. 2006
300 ## - PHYSICAL DESCRIPTION
Extent p.75-100.
650 ## - SUBJECT ADDED ENTRY--TOPICAL TERM
Topical term or geographic name entry element Knowledge management
650 ## - SUBJECT ADDED ENTRY--TOPICAL TERM
Topical term or geographic name entry element Organizations
700 ## - ADDED ENTRY--PERSONAL NAME
Personal name Roy, Biswajit
700 ## - ADDED ENTRY--PERSONAL NAME
Personal name Gupta, Rajen K.
773 ## - HOST ITEM ENTRY
Main entry heading Management and Change
908 ## - PUT COMMAND PARAMETER (RLIN)
Put command parameter N
909 ## -
-- 74961
Holdings
Withdrawn status Lost status Damaged status Not for loan Permanent Location Current Location Date acquired Serial Enumeration / chronology Barcode Date last seen Price effective from Koha item type
        Indian Institute of Public Administration Indian Institute of Public Administration 2018-07-19 Volume no: 10, Issue no: 2 AR75421 2018-07-19 2018-07-19 Articles

Powered by Koha